Estudio de factibilidad y prediseño de una central telefónica privada
Shranjeno v:
| Glavni avtor: | |
|---|---|
| Format: | Knjiga |
| Izdano: |
[San José , Costa Rica]
1985
|
| Oznake: |
Označite
Brez oznak, prvi označite!
|
MARC
| LEADER | 00000nam a2200000Ia 4500 | ||
|---|---|---|---|
| 003 | 004334 | ||
| 005 | 20221231144404.0 | ||
| 008 | 140114s1985 cr a m 000 ||s d | ||
| 040 | |c cru CEDI | ||
| 090 | |a TFG 1674 | ||
| 100 | |a Camacho Mora, Gilbert |9 14593 | ||
| 245 | |a Estudio de factibilidad y prediseño de una central telefónica privada | ||
| 260 | |c 1985 |a [San José , Costa Rica] | ||
| 300 | |a ix,139 hojas :ilustraciones | ||
| 500 | |a Proyecto de graduación (bachiller en ingeniería eléctrica)--Universidad de Costa Rica. Facultad de Ingeniería. Escuela de Ingeniería Eléctrica.Proyecto Eléctrico | ||
| 942 | |c TFG | ||
| 999 | |c 21135 |d 21135 | ||
